000 00482nam a22001817a 4500
005 20230125123459.0
008 230125b |||||||| |||| 00| 0 eng d
020 _a81-85731-446
041 _aeng
082 _a615.10 SIN -B
100 _aSINGH, HARKISHNA
_97490
245 _aBULDERS AND AWARENESS CREATORS A OF MODERN PHARMACY VOL -5
250 _a1st ed.
260 _bVALLABH PRAKASHAN
_c2008
300 _a362;P.
650 _aPHARMACY
_xD.PHARMA
_97090
942 _cBK
999 _c8209
_d8207